[Event "NOR-chT Codanserien 2017-18"]
[Site "Oslo"]
[Date "2017.12.02"]
[Round "2"]
[White "Hobber, Anders"]
[Black "Mihajlov, Sebastian"]
[Result "1/2-1/2"]
[WhiteElo "2290"]
[BlackElo "2379"]
[Annotator "ChessBase"]
[PlyCount "59"]
[EventDate "2017.??.??"]
[EventType "team-tourn"]
[EventCountry "NOR"]
[SourceTitle "playchess.com"]
[Source "ChessBase"]
[SourceQuality "1"]
[TimeControl "40/5400+30:1800+30"]

1. d4 {[%emt 0:00:00]} Nf6 {[%emt 0:00:28]} 2. Nf3 {[%emt 0:01:44]} g6 {[%emt 0:00:12]} 3. c3 {[%emt 0:03:51]} Bg7 {[%emt 0:00:24]} 4. Bg5 {[%emt 0:00:25]} O-O {[%emt 0:00:20]} 5. Nbd2 {[%emt 0:00:43]} d6 {[%emt 0:02:38]} 6. e4 {[%emt 0:02:27]} c5 {[%emt 0:00:44]} 7. dxc5 {[%emt 0:00:54]} dxc5 {[%emt 0:00:27]} 8. Bc4 {[%emt 0:00:26]} h6 {[%emt 0:03:06]} 9. Bh4 {[%emt 0:03:02]} Nh5 {[%emt 0:02:27]} 10. O-O {[%emt 0:01:22]} Nc6 {[%emt 0:03:03]} 11. Qe2 {[%emt 0:25:46]} Qc7 {[%emt 0:05:46]} 12. Qe3 {[%emt 0:06:14]} Na5 {[%emt 0:05:08]} 13. Bd3 {[%emt 0:08:26]} g5 {[%emt 0:20:42]} 14. Bg3 {[%emt 0:02:03]} Nxg3 {[%emt 0:00:06]} 15. hxg3 {[%emt 0:01:17]} e5 {[%emt 0:04:47]} 16. Nc4 {[%emt 0:01:39]} Be6 {[%emt 0:01:15]} 17. Qe2 {[%emt 0:04:36]} Nxc4 {[%emt 0:03:12]} 18. Bxc4 {[%emt 0:00:07]} Bg4 {[%emt 0:01:21]} 19. Rfd1 {[%emt 0:03:35]} Rad8 {[%emt 0:00:21]} 20. Rd5 {[%emt 0:03:59]} Rxd5 {[%emt 0:04:27]} 21. Bxd5 {[%emt 0:00:04]} Rd8 {[%emt 0:00:19]} 22. Qc4 {[%emt 0:06:59]} Bxf3 {[%emt 0:00:09]} 23. gxf3 {[%emt 0:00:05]} Rd6 {[%emt 0:01:06]} 24. Qb5 {[%emt 0:02:37]} Rb6 {[%emt 0:01:59]} 25. Qe8+ {[%emt 0:01:18]} Bf8 {[%emt 0:00:01]} 26. b3 {[%emt 0:00:49]} Rf6 {[%emt 0:03:01]} 27. Kg2 {[%emt 0:01:30]} Kg7 {[%emt 0:01:29]} 28. Rd1 {[%emt 0:02:48]} b6 {[%emt 0:03:53]} 29. Bc4 {[%emt 0:02:21]} Rd6 {[%emt 0:01:08]} 30. Rxd6 {[%emt 0:01:54]} 1/2-1/2

[Event "NOR-chT Codanserien 2017-18"]
[Site "Oslo"]
[Date "2017.12.02"]
[Round "2"]
[White "Borresen, Georg S"]
[Black "Mikalsen, Erlend"]
[Result "1-0"]
[WhiteElo "2253"]
[BlackElo "2312"]
[Annotator "ChessBase"]
[PlyCount "65"]
[EventDate "2017.??.??"]
[EventType "team-tourn"]
[EventCountry "NOR"]
[SourceTitle "playchess.com"]
[Source "ChessBase"]
[SourceQuality "1"]
[TimeControl "40/5400+30:1800+30"]

1. c4 {[%emt 0:00:00]} e5 {[%emt 0:04:08]} 2. Nc3 {[%emt 0:00:00]} Bb4 {[%emt 0:00:07]} 3. g3 {[%emt 0:00:38]} Nf6 {[%emt 0:00:55]} 4. Bg2 {[%emt 0:00:11]} O-O {[%emt 0:00:39]} 5. Qc2 {[%emt 0:00:31]} c6 {[%emt 0:06:06]} 6. Nf3 {[%emt 0:06:00]} Re8 {[%emt 0:01:45]} 7. O-O {[%emt 0:00:59]} d5 {[%emt 0:02:46]} 8. cxd5 {[%emt 0:03:36]} cxd5 {[%emt 0:00:11]} 9. d4 {[%emt 0:00:54]} e4 {[%emt 0:00:18]} 10. Ne5 {[%emt 0:03:08]} Nc6 {[%emt 0:00:53]} 11. Nxc6 {[%emt 0:00:08]} bxc6 {[%emt 0:00:06]} 12. Na4 {[%emt 0:01:14]} Bd7 {[%emt 0:07:07]} 13. Nc5 {[%emt 0:02:25]} Bg4 {[%emt 0:01:01]} 14. f3 {[%emt 0:24:51]} exf3 {[%emt 0:02:04]} 15. exf3 {[%emt 0:00:14]} Bh5 {[%emt 0:03:01]} 16. a3 {[%emt 0:17:23]} Bg6 {[%emt 0:00:36]} 17. Qf2 {[%emt 0:03:14]} Qa5 {[%emt 0:05:16]} 18. Be3 {[%emt 0:03:50]} Bxc5 {[%emt 0:00:25]} 19. dxc5 {[%emt 0:00:03]} Qb5 {[%emt 0:02:08]} 20. Rfe1 {[%emt 0:01:21]} a5 {[%emt 0:02:18]} 21. Bd4 {[%emt 0:00:39]} Nd7 {[%emt 0:00:06]} 22. Bh3 {[%emt 0:00:24]} Nf8 {[%emt 0:00:04]} 23. Rxe8 {[%emt 0:05:54]} Rxe8 {[%emt 0:00:06]} 24. Re1 {[%emt 0:00:04]} Rxe1+ {[%emt 0:02:52]} 25. Qxe1 {[%emt 0:00:33]} Qd3 {[%emt 0:01:17]} 26. Qe3 {[%emt 0:10:26]} Qd1+ {[%emt 0:00:05]} 27. Kf2 {[%emt 0:00:27]} Qh1 {[%emt 0:02:04]} 28. Qe8 {[%emt 0:02:17]} Qxh2+ {[%emt 0:01:27]} 29. Bg2 {[%emt 0:00:01]} h5 {[%emt 0:02:05]} 30. Qc8 {[%emt 0:12:03]} h4 {[%emt 0:02:14]} 31. Be5 {[%emt 0:00:19]} f6 {[%emt 0:14:10]} 32. Bd6 {[%emt 0:00:01]} Kh7 {[%emt 0:00:04]} 33. g4 {[%emt 0:00:43]} 1-0

[Event "NOR-chT Codanserien 2017-18"]
[Site "Oslo"]
[Date "2017.12.02"]
[Round "2"]
[White "Flermoen, Peter"]
[Black "Sahl, Sheila Barth"]
[Result "1-0"]
[WhiteElo "2252"]
[BlackElo "2186"]
[Annotator "TA"]
[PlyCount "121"]
[EventDate "2017.??.??"]
[EventType "team-tourn"]
[EventCountry "NOR"]
[SourceTitle "playchess.com"]
[Source "ChessBase"]
[SourceQuality "1"]

{[%evp 10,121,21,14,20,16,10,11,13,0,8,8,40,39,46,45,44,51,51,40,49,32,39,-12,-22,-25,-15,-25,0,-4,0,0,18,0,0,0,0,0,-4,-20,0,0,0,-6,0,0,0,0,0,0,0,0,0,0,20,23,46,40,46,43,45,41,39,21,29,20,38,44,128,119,97,66,154,112,118,0,0,-489,-466,-431,-12806,-7589,-11702,-7046,-8099,-7535,-7280,-867,-7589,-5155,-5409,-702,-753,-614,-753,-656,-687,-671,-622,-565,8162,5976,29973,29975,29980,29981,29980,29981,29978,29975,29975,29974,29973,29945]} 1. e4 c5 2. Nc3 a6 3. Nge2 b5 4. g3 Bb7 5. Bg2 e6 6. a3 {LiveBook: 22 Games. B23: Closed Sicilian: Lines without g3} (6. d4 b4 7. Na4 cxd4 8. Nxd4 Nf6 9. O-O Bxe4 10. Bxe4 Nxe4 11. Re1 d5 12. Qh5 Qf6 13. Be3 Nd7 14. f3 g6 15. Qg4 h5 16. Qh3 Nd6 17. Rad1 Be7 18. Nxe6 Qxe6 19. Qg2 Nf5 20. Bg5 Qc6 21. Bxe7 Nxe7 22. Qe2 O-O {0-1 (22) Jovanovic,Z (2534)-Andreikin,D (2737) Tallinn 2016}) 6... Be7 7. O-O Nc6 8. d4 $146 {The position is equal.} ({Predecessor:} 8. f4 Qb6 9. d3 h5 10. h3 d6 11. Be3 Nf6 12. Bf2 Qc7 13. a4 b4 {1-0 (42) Purtov,A (2430)-Zemerov,V (2420) Harkany 1993}) 8... cxd4 9. Nxd4 Qc7 10. Re1 Nxd4 11. Qxd4 {Hoping for Nd5.} e5 12. Qd3 Nf6 {[%cal Bg8f6,Bf6h7,Bh7f8,Bf8e6,Be6f4][%mdl 32]} 13. Bg5 O-O 14. Rad1 Rfd8 15. h3 Rac8 16. g4 (16. h4 $14) 16... h6 $11 17. Bd2 Nh7 18. Qg3 Bg5 19. h4 Bxd2 20. Rxd2 Nf8 21. Nd1 {[%cal Bc3d1,Bd1e3,Be3f5][%mdl 32]} Ne6 22. Ne3 Nf4 23. Nf5 d6 24. Qe3 Rd7 25. Red1 Rcd8 26. Bf3 d5 (26... Kh7 {feels hotter.} 27. Ng3 g6 28. Ne2 Ne6 29. Bg2 a5) 27. exd5 Bxd5 28. Bxd5 Rxd5 29. Rxd5 Rxd5 30. Rxd5 Nxd5 31. Qe4 Ne7 32. Ne3 Qd6 33. h5 f6 34. c4 Kf7 35. cxb5 axb5 36. Qb7 Qc6 37. Qa7 Ke6 38. b3 Qc1+ {[#]} (38... g6 $1 $14) 39. Kg2 $1 $16 Qc6+ 40. Kg3 g6 (40... Qh1 $14) 41. hxg6 Nxg6 42. Qg7 ({White should try} 42. Nf5 $16 {Ng7+ is the strong threat.} h5 43. Ng7+ (43. gxh5 Nf4 $11) 43... Kd6 44. Nxh5) 42... Nf4 $1 $11 43. Qxh6 $2 {[%mdl 8192]} (43. Qg8+ $11 {and White stays safe.} Kd7 44. Qf7+ Kc8 45. Qf8+ Kb7 46. a4 (46. Qxh6 Ne2+ 47. Kh2 Qf3 $11)) 43... Ne2+ $19 44. Kh2 {[#]} Qc1 $1 {[%cal Rc1g1] ( -> ...Qg1+)} ({Less strong is} 44... Qf3 45. Ng2 $15) 45. g5 Qg1+ 46. Kh3 Nf4+ 47. Kh4 Qxf2+ 48. Kg4 Qe2+ ({Inferior is} 48... Qxe3 49. Qxf6+ Kd5 50. Qf7+ Kc6 51. Qe8+ Kc5 52. Qe7+ Kc6 53. Qf6+ Kc5 54. Qe7+ Kd5 55. Qf7+ Ke4 56. Qh7+ Kd4 57. Qa7+ Ke4 58. Qh7+ Kd4 59. Qa7+ Kd3 60. Qxe3+ Kxe3 61. a4 $11) 49. Kh4 Qxe3 {[%csl Gf4][%cal Re3h3]} 50. Qxf6+ Kd5 {[%csl Gf4][%cal Re3h3]} 51. Qf7+ Kd4 {[%csl Gf4][%cal Re3h3]} 52. Qa7+ Kd3 {[%csl Gf4][%cal Re3h3]} 53. Qxe3+ Kxe3 {[%mdl 4096] Endgame KN-K3P} 54. a4 Ne6 $4 {[%mdl 8192]} (54... e4 $19 55. a5 Kd2) 55. axb5 $18 e4 56. b6 {White mates.} Kd2 57. b7 e3 58. b8=Q Nd4 59. Qf4 Kd3 60. Kh5 e2 61. Qf2 {Precision: White = 63%, Black = 46%.} 1-0

[Event "NOR-chT Codanserien 2017-18"]
[Site "Oslo"]
[Date "2017.12.02"]
[Round "2"]
[White "Gudbrandsen, Gustav"]
[Black "Al-Tarbosh, Ward"]
[Result "1/2-1/2"]
[WhiteElo "2235"]
[BlackElo "2266"]
[Annotator "ChessBase"]
[PlyCount "59"]
[EventDate "2017.??.??"]
[EventType "team-tourn"]
[EventCountry "NOR"]
[SourceTitle "playchess.com"]
[Source "ChessBase"]
[SourceQuality "1"]
[TimeControl "40/5400+30:1800+30"]

1. e4 {[%emt 0:00:00]} e6 {[%emt 0:00:04]} 2. d4 {[%emt 0:00:12]} d5 {[%emt 0:00:06]} 3. Nc3 {[%emt 0:00:38]} Nf6 {[%emt 0:00:03]} 4. e5 {[%emt 0:00:35]} Nfd7 {[%emt 0:00:04]} 5. f4 {[%emt 0:00:25]} c5 {[%emt 0:00:07]} 6. Nf3 {[%emt 0:00:19]} Nc6 {[%emt 0:00:02]} 7. Be3 {[%emt 0:00:34]} a6 {[%emt 0:00:04]} 8. Qd2 {[%emt 0:02:10]} b5 {[%emt 0:00:07]} 9. dxc5 {[%emt 0:07:10]} Bxc5 {[%emt 0:00:05]} 10. Bxc5 {[%emt 0:04:37]} Nxc5 {[%emt 0:00:16]} 11. b4 {[%emt 0:02:12]} Nd7 {[%emt 0:47:31]} 12. a3 {[%emt 0:02:48]} Bb7 {[%emt 0:17:52]} 13. Bd3 {[%emt 0:05:11]} Qb6 {[%emt 0:00:32]} 14. Qf2 {[%emt 0:04:18]} Qxf2+ {[%emt 0:01:03]} 15. Kxf2 {[%emt 0:00:09]} Nb6 {[%emt 0:04:04]} 16. Rhe1 {[%emt 0:05:58]} Rc8 {[%emt 0:03:37]} 17. Ne2 {[%emt 0:03:10]} Nc4 {[%emt 0:01:51]} 18. Ned4 {[%emt 0:01:57]} Nxd4 {[%emt 0:00:45]} 19. Nxd4 {[%emt 0:00:24]} Ke7 {[%emt 0:01:49]} 20. Nb3 {[%emt 0:02:40]} Rc7 {[%emt 0:00:06]} 21. a4 {[%emt 0:09:08]} bxa4 {[%emt 0:01:01]} 22. Nc5 {[%emt 0:09:55]} Rb8 {[%emt 0:14:41]} 23. Bxc4 {[%emt 0:16:31]} dxc4 {[%emt 0:00:13]} 24. c3 {[%emt 0:01:34]} a5 {[%emt 0:00:35]} 25. Nxb7 {[%emt 0:01:17]} Rcxb7 {[%emt 0:01:39]} 26. bxa5 {[%emt 0:00:18]} Rb3 {[%emt 0:00:53]} 27. Rxa4 {[%emt 0:00:30]} Rxc3 {[%emt 0:00:03]} 28. a6 {[%emt 0:00:58]} Rc2+ {[%emt 0:00:04]} 29. Re2 {[%emt 0:05:26]} Rxe2+ 30. Kxe2 1/2-1/2

[Event "NOR-chT Codanserien 2017-18"]
[Site "Oslo"]
[Date "2017.12.02"]
[Round "2"]
[White "Berg, Johan"]
[Black "Nielsen, Andre"]
[Result "1/2-1/2"]
[WhiteElo "2216"]
[BlackElo "2126"]
[Annotator "TA"]
[PlyCount "181"]
[EventDate "2017.??.??"]
[EventType "team-tourn"]
[EventCountry "NOR"]
[SourceTitle "playchess.com"]
[Source "ChessBase"]
[SourceQuality "1"]

{[%evp 27,181,35,41,6,36,33,69,41,84,81,85,61,117,71,143,126,457,460,463,445,457,416,447,443,417,431,416,417,326,104,107,105,88,95,239,101,99,89,79,87,108,108,95,69,91,10,3,0,0,0,0,-12,1,0,50,0,87,98,93,59,183,258,240,250,254,263,253,248,254,252,213,237,247,208,251,246,255,244,243,236,259,286,278,225,234,41,214,53,37,12,12,12,12,3,64,22,22,22,36,44,44,44,44,44,494,44,44,44,44,44,44,44,44,44,44,26,26,26,26,26,26,26,26,26,36,36,44,40,40,40,40,40,44,36,36,36,36,36,44,44,44,44,44,0,36,0,44,36,36,36,36,36,36,36,36,-8]} 1. e4 e5 2. Nf3 Nc6 3. Bb5 a6 4. Ba4 Nf6 5. O-O Be7 6. Re1 b5 7. Bb3 O-O 8. h3 d6 9. c3 Na5 10. Bc2 c5 11. d4 Qc7 12. Nbd2 Bd7 13. Nf1 Rac8 14. d5 c4 {LiveBook: 3 Games. C97: Closed Ruy Lopez: Chigorin Defence: 11 d4 Qc7, sidelines} 15. g4 Ne8 16. Ng3 (16. Kh1 g6 17. Bh6 Ng7 18. Ne3 f6 19. Rg1 Rf7 20. Rg3 Bf8 21. Qd2 Nb7 22. Rf1 {1-0 (84) Royset,J (2255)-Gausel,E (2499) Norway 2015}) 16... g6 17. Kh2 $146 ({Predecessor:} 17. Bh6 Ng7 18. Kh2 Kh8 19. Rg1 Rg8 20. Qd2 Rcf8 21. b4 cxb3 22. axb3 {1-0 (79) Kekov,A (2370)-Zudov,O (2165) Moscow 1996}) 17... Ng7 18. Rg1 Nb7 19. Bh6 f6 (19... Rfe8 $14) 20. Qd2 Nd8 ({Better is} 20... a5) 21. Nh5 gxh5 $2 {[%mdl 8192]} (21... Ne8 $16) 22. gxh5 $18 Rf7 23. Bxg7 Rxg7 24. Rxg7+ Kxg7 25. Rg1+ Kf7 26. Qh6 Bf8 27. Qxh7+ Ke8 {Now ...Qa7 and Black clings on.} 28. Rg8 $2 (28. Nh4 $18 {and White stays clearly on top.}) 28... Be6 $16 29. Qxc7 Rxc7 30. dxe6 Nxe6 (30... Rh7 $16 {was worth a try.}) 31. Nh4 (31. Rh8 $18 {and the rest is easy.}) 31... Rh7 32. Bd1 $1 {[%cal Rd1g4]} Kf7 33. Rg1 Nf4 34. Bg4 Nxh5 35. Bf5 Rh6 36. Bc8 (36. Bg6+ $16 Ke6 37. Nf5) 36... Nf4 $11 37. Rg4 d5 38. exd5 Bc5 39. d6 Bxd6 {aiming for ...Bc5.} 40. Nf5 Rxh3+ 41. Kg1 Bc5 (41... Rd3 $11 {remains equal.}) 42. Rg7+ $16 Kf8 {...Rf3 is the strong threat.} 43. Rc7 $1 {[%cal Rc7c5]} Nd3 (43... Bb6 $14 44. Rc6 Bd8) 44. Be6 $1 $18 {[%cal Rc7c8]} Bxf2+ 45. Kf1 {[%cal Rc7c8]} Rh1+ 46. Kg2 {[%cal Rc7c8]} Nf4+ 47. Kxh1 {[%cal Rc7c8]} Nxe6 {[%mdl 4096] Endgame KRN-KBN} 48. Rc6 Kf7 49. Kg2 ({Much less strong is} 49. Rxa6 $6 Nc5) 49... Bc5 50. Rxa6 Nf4+ 51. Kf3 Nd3 52. Rc6 $1 Kg6 {[#]} 53. Ng3 $1 Bf8 54. b4 cxb3 55. axb3 b4 56. Ne4 $2 (56. Ke3 $18 Nc1 57. cxb4) 56... Be7 $2 (56... bxc3 $14 57. Ke3 (57. Rxf6+ Kg7 $11) (57. Rxc3 Nb4 $16) (57. Nxf6 c2 $11) (57. Nxc3 Kf5 $16) 57... Nb4 58. Rxf6+ Kg7) 57. cxb4 $2 ({White must play} 57. Ke3 $18 Nf4 58. c4) 57... Nxb4 $14 58. Re6 Kf7 $1 {[%cal Rf7e6]} 59. Rb6 {Threatens to win with Nxf6!} Nd5 60. Ra6 f5 ({Black should try} 60... Nb4 $11 61. Rb6 Nc2) 61. Nd6+ Bxd6 $1 62. Rxd6 $11 {KR-KN} e4+ 63. Kg3 Nb4 $1 64. Kf4 Ke7 65. Rh6 Nc2 $2 {[%mdl 8192] [#]} (65... Kd7 $1 $14) 66. Rh2 $2 (66. Ke5 $1 $18) 66... Nd4 $14 67. b4 {[%cal Bb3b4,Bb4b5,Bb5b6,Bb6b7][%mdl 32]} Kd6 68. Rd2 Kd5 69. b5 {And now b6 would win.} Kc5 70. b6 Nc6 $1 71. b7 Kb6 72. Rb2+ Kc7 73. Kxf5 e3 74. Ke4 e2 75. Rxe2 {Strongly threatening Rb2.} Kxb7 76. Kd5 {Rb2+ would kill now.} Nb4+ 77. Kc4 Nc6 78. Kc5 Kc7 79. Re6 Nb8 80. Re7+ Nd7+ 81. Kd5 {White threatens Ke6 and mate.} Kd8 82. Kd6 Nf8 83. Rf7 {[%cal Rf7f8]} Ke8 $1 84. Rg7 Kd8 85. Rf7 {[%cal Rf7f8]} Ke8 $1 86. Re7+ Kd8 87. Ra7 {[%cal Ra7a8] White is slightly better.} Ke8 88. Rb7 Ng6 89. Ke6 {[%cal Rb7b8]} Nf8+ 90. Ke5 Nd7+ 91. Ke4 {Precision: White = 54%, Black = 50%.} 1/2-1/2

[Event "NOR-chT Codanserien 2017-18"]
[Site "Oslo"]
[Date "2017.12.02"]
[Round "2"]
[White "Christenson, Flemming"]
[Black "Holm, Kristian Stuvik"]
[Result "0-1"]
[WhiteElo "2209"]
[BlackElo "2431"]
[Annotator "TA"]
[PlyCount "74"]
[EventDate "2017.??.??"]
[EventType "team-tourn"]
[EventCountry "NOR"]
[SourceTitle "playchess.com"]
[Source "ChessBase"]
[SourceQuality "1"]

{[%evp 9,74,31,45,49,48,51,56,42,39,20,31,23,33,34,26,28,66,19,68,41,63,66,70,66,68,62,61,40,79,70,95,62,62,56,66,0,17,19,63,-54,-31,-30,-16,-146,-63,-187,-164,-302,-167,-339,-383,-371,-306,-1070,-1035,-989,-956,-29985,-29986,-29986,-29987,-29983,-1505,-29983,-29984,-29984,-29984]} 1. d4 Nf6 2. Bf4 c5 3. d5 d6 4. Nc3 g6 (4... e5 5. Bd2 Bf5 6. h3 Nbd7 7. g4 Be4 8. f3 Bg6 9. e4 a6 10. a4 Be7 {0-1 (35) Vachier Lagrave,M (2795)-Grischuk,A (2750) chess.com INT 2017}) 5. e4 a6 6. a4 {A45: Trompowsky Attack} Qa5 7. Bd2 Bg7 8. Bc4 $146 {White is slightly better.} ({Predecessor:} 8. Nf3 O-O 9. Be2 Qc7 10. O-O b6 11. Bf4 Nh5 12. Bg5 f5 13. exf5 gxf5 {1-0 (22) Becskei,Z (2296)-Mika,J (2228) Hungary 2014}) 8... O-O 9. Nf3 Bg4 10. h3 Bxf3 $1 11. Qxf3 Nbd7 12. Qe2 Rfb8 13. Nd1 Qd8 14. a5 Ne5 15. Ba2 b6 16. f4 Ned7 17. axb6 Nxb6 18. c3 Qd7 19. Bb1 Nh5 {[#] Threatens to win with ...Ng3.} 20. Kf2 e6 21. dxe6 (21. Rxa6 exd5 22. Rxa8 Rxa8 $15) 21... Qxe6 22. Rxa6 Rxa6 23. Qxa6 d5 {[%cal Bd6d5,Bd5e4][%mdl 32]} 24. Re1 (24. g4 $14) 24... Bf6 $36 {[%mdl 2048] aiming for ...Bh4+. Black is pushing.} 25. Kg1 $1 Bh4 26. f5 (26. Nf2 $1 $11 {was the only way to keep the balance.}) 26... Qd7 (26... Qe5 $17 27. fxg6 hxg6) 27. Rf1 ({White should try} 27. fxg6 $1 $15 hxg6 28. Nf2) 27... dxe4 $19 28. fxg6 (28. Be3 $142 gxf5 29. Bc2) 28... hxg6 (28... Qxd2 $142 29. Qa2 (29. gxf7+ $2 Kf8 $19) (29. Qa7 $2 Nd7 $19) 29... Qd7 30. Rxf7 Qxd1+ 31. Rf1+ Qd5) 29. Ba2 $2 (29. Be3 {might work better.} Ng3 30. Re1) 29... c4 {Strongly threatening ...Ng3.} ({Don't do} 29... Qxd2 30. Qa7 $19) 30. Be3 Ng3 31. Re1 $2 {[#]} (31. Bxc4 Nxf1 32. Bxb6 Qxd1 33. Bxf1) 31... Ne2+ $1 {[%mdl 512]} 32. Kf1 (32. Rxe2 Qxd1+) 32... Qd3 {Hoping for ...Nc1+.} 33. Nf2 Qxe3 {[%csl Gh4][%cal Re3f2]} 34. Rxe2 Qc1+ 35. Re1 Qxb2 (35... Qf4 $142 36. Re2 e3 37. Qa7 Rd8 38. Bb3 exf2 39. Qa1 Qh2 40. Re3 Qh1+ 41. Ke2 Qe1+ 42. Qxe1 fxe1=Q+ 43. Kf3 Qf2+ 44. Kg4 f5#) 36. Re2 Qc1+ 37. Re1 Qf4 {Precision: White = 31%, Black = 59%.} 0-1

[Event "NOR-chT Codanserien 2017-18"]
[Site "Oslo"]
[Date "2017.12.02"]
[Round "2"]
[White "Moen, Ole Christian"]
[Black "Hagesather, Ellen"]
[Result "1/2-1/2"]
[WhiteElo "2178"]
[BlackElo "2126"]
[Annotator "NA"]
[PlyCount "75"]
[EventDate "2017.??.??"]
[EventType "team-tourn"]
[EventCountry "NOR"]
[SourceTitle "playchess.com"]
[Source "ChessBase"]
[SourceQuality "1"]
[TimeControl "40/5400+30:1800+30"]

1. e4 {[%emt 0:00:00]} c6 {[%emt 0:00:07]} 2. d4 {[%emt 0:01:33]} d5 {[%emt 0:02:11]} 3. Nc3 {[%emt 0:01:04]} dxe4 {[%emt 0:00:11]} 4. Nxe4 {[%emt 0:00:09]} Nf6 {[%emt 0:00:05]} 5. Nxf6+ {[%emt 0:00:31]} exf6 {[%emt 0:00:06]} 6. Bc4 {[%emt 0:02:42]} Be7 {[%emt 0:03:07]} 7. Ne2 {[%emt 0:02:13]} O-O {[%emt 0:02:33] B15: Caro-Kann: 3 Nc3: 3...g6 and 3...dxe4 4 Nxe4 Nf6 5 Nxf6+ exf6} (7... Nd7 8. O-O O-O 9. Ng3 b5 10. Bd3 g6 11. c3 a6 12. Re1 Bb7 13. a4 Nb6 14. a5 Nd5 15. Bd2 c5 16. c4 bxc4 17. Bxc4 cxd4 18. Bh6 Re8 19. Qxd4 Nb4 20. Qxd8 Raxd8 {½-½ (20) Todorovic,G (2461)-Radlovacki,J (2322) Stari Banovci 2016}) 8. O-O {[%emt 0:00:35]} Bd6 {[%emt 0:06:06]} 9. Bf4 {[%emt 0:01:19]} Bg4 {[%emt 0:03:21]} 10. f3 $146 {[%emt 0:00:36]} ({Predecessor:} 10. Bxd6 Qxd6 11. f3 Be6 12. Bxe6 fxe6 13. Qd3 Na6 14. a3 Rad8 15. Rad1 {0-1 (43) Moori,H (1689)-Hasidume,S (2194) ICCF email 2006}) 10... Bf5 {[%emt 0:01:35]} 11. c3 {[%emt 0:02:44]} Bxf4 {[%emt 0:07:19]} 12. Nxf4 {[%emt 0:00:13]} Qd6 {[%emt 0:00:08]} 13. Qd2 {[%emt 0:00:47]} Nd7 {[%emt 0:04:36]} 14. Rad1 {[%emt 0:02:32]} h6 {[%emt 0:03:35]} 15. Rfe1 {[%emt 0:03:05]} Rfe8 {[%emt 0:04:50]} 16. Bd3 {[%emt 0:02:21]} Bxd3 {[%emt 0:01:18]} 17. Nxd3 {[%emt 0:00:10]} g5 {[%emt 0:03:17]} 18. Qf2 {[%emt 0:09:30]} Kf8 {[%emt 0:07:48]} 19. Qg3 {[%emt 0:02:44]} Qxg3 {[%emt 0:00:35]} 20. hxg3 {[%emt 0:00:09]} f5 {[%emt 0:08:02]} 21. Kf2 {[%emt 0:00:26]} Re6 {[%emt 0:01:56]} 22. Rxe6 {[%emt 0:08:53]} fxe6 {[%emt 0:00:25]} 23. Ne5 {[%emt 0:00:31]} Nxe5 {[%emt 0:07:54]} 24. dxe5 {[%emt 0:00:38]} Ke7 {[%emt 0:00:06]} 25. Ke3 {[%emt 0:02:02]} Rd8 {[%emt 0:04:00]} 26. Rh1 {[%emt 0:00:21]} Rh8 {[%emt 0:00:19]} 27. g4 {[%emt 0:00:33]} f4+ {[%emt 0:04:35]} 28. Ke4 {[%emt 0:00:29]} Kd7 {[%emt 0:01:17]} 29. Rd1+ {[%emt 0:02:16]} Ke7 {[%emt 0:00:18]} 30. b4 {[%emt 0:04:02]} h5 {[%emt 0:01:59]} 31. gxh5 {[%emt 0:03:27]} Rxh5 {[%emt 0:00:10]} 32. c4 {[%emt 0:00:29]} Rh2 {[%emt 0:01:48]} 33. Rd2 {[%emt 0:00:24]} Rh1 {[%emt 0:01:38]} 34. Rb2 {[%emt 0:01:40]} Re1+ {[%emt 0:02:02]} 35. Kd4 {[%emt 0:00:07]} Rd1+ {[%emt 0:00:18]} 36. Ke4 $17 {[%emt 0:00:26]} Re1+ {[%emt 0:00:17]} 37. Kd4 {[%emt 0:00:05]} Rd1+ {[%emt 0:00:05]} 38. Ke4 {[%emt 0:00:17]} 1/2-1/2

[Event "NOR-chT Codanserien 2017-18"]
[Site "Oslo"]
[Date "2017.12.02"]
[Round "2"]
[White "Mikalsen, Harald"]
[Black "Flaata, Alexander R"]
[Result "1-0"]
[WhiteElo "2030"]
[BlackElo "2103"]
[Annotator "ChessBase"]
[PlyCount "82"]
[EventDate "2017.??.??"]
[EventType "team-tourn"]
[EventCountry "NOR"]
[SourceTitle "playchess.com"]
[Source "ChessBase"]
[SourceQuality "1"]
[TimeControl "40/5400+30:1800+30"]

1. d4 {[%emt 0:00:00]} Nf6 {[%emt 0:14:14]} 2. c4 {[%emt 0:00:00]} c5 {[%emt 0:00:19]} 3. Nf3 {[%emt 0:01:47]} g6 {[%emt 0:00:56]} 4. Nc3 {[%emt 0:00:53]} cxd4 {[%emt 0:00:15]} 5. Nxd4 {[%emt 0:00:34]} Bg7 {[%emt 0:00:31]} 6. e4 {[%emt 0:00:55]} Nc6 {[%emt 0:01:43]} 7. Nb3 {[%emt 0:02:06]} O-O {[%emt 0:00:30]} 8. Be2 {[%emt 0:00:27]} d6 {[%emt 0:01:11]} 9. Be3 {[%emt 0:05:30]} b6 {[%emt 0:02:14]} 10. f3 {[%emt 0:04:39]} Ba6 {[%emt 0:06:03]} 11. Nd4 {[%emt 0:04:49]} Rc8 {[%emt 0:03:16]} 12. Ncb5 {[%emt 0:08:49]} Nxd4 {[%emt 0:03:58]} 13. Bxd4 {[%emt 0:02:27]} Bxb5 {[%emt 0:07:08]} 14. cxb5 {[%emt 0:00:10]} Qc7 {[%emt 0:01:04]} 15. O-O {[%emt 0:04:38]} Nd7 {[%emt 0:06:02]} 16. Bxg7 {[%emt 0:02:16]} Kxg7 {[%emt 0:00:07]} 17. Rc1 {[%emt 0:00:47]} Qb7 {[%emt 0:03:31]} 18. Qd4+ {[%emt 0:00:28]} Kg8 {[%emt 0:01:40]} 19. Bc4 {[%emt 0:00:19]} Nf6 {[%emt 0:02:23]} 20. g4 {[%emt 0:00:51]} h6 {[%emt 0:01:54]} 21. Rc3 {[%emt 0:14:34]} Qd7 {[%emt 0:03:28]} 22. Rfc1 {[%emt 0:05:27]} Kh7 {[%emt 0:01:43]} 23. Be2 {[%emt 0:06:31]} Rxc3 {[%emt 0:04:42]} 24. Qxc3 {[%emt 0:00:10]} Qe6 {[%emt 0:06:32]} 25. a4 {[%emt 0:08:03]} d5 {[%emt 0:02:23]} 26. e5 {[%emt 0:05:21]} Nd7 {[%emt 0:00:34]} 27. f4 {[%emt 0:01:56]} Kg8 {[%emt 0:07:17]} 28. Qc6 {[%emt 0:01:52]} Nc5 {[%emt 0:02:19]} 29. b4 {[%emt 0:00:53]} Nxa4 {[%emt 0:01:47]} 30. Qc2 {[%emt 0:03:24]} g5 {[%emt 0:05:15]} 31. Qxa4 {[%emt 0:05:54]} gxf4 {[%emt 0:00:06]} 32. Qa1 {[%emt 0:03:40]} f6 {[%emt 0:02:51]} 33. Bf3 {[%emt 0:01:20]} Rd8 {[%emt 0:01:25]} 34. Re1 {[%emt 0:01:58]} f5 {[%emt 0:01:26]} 35. gxf5 {[%emt 0:00:36]} Qxf5 {[%emt 0:00:07]} 36. e6 {[%emt 0:01:12]} d4 {[%emt 0:00:27]} 37. Qxa7 {[%emt 0:00:50]} Kf8 {[%emt 0:01:12]} 38. Qxb6 {[%emt 0:00:19]} Rd6 {[%emt 0:00:50]} 39. Qxd6 {[%emt 0:00:53]} Qg5+ {[%emt 0:05:36]} 40. Kh1 {[%emt 0:00:11]} exd6 {[%emt 0:30:36]} 41. e7+ {[%emt 0:30:58]} Qxe7 {[%emt 0:00:00]} 1-0